Statistics for US Counties and County Equivalents that border the Ocean

Click here to take the quiz!

General Stats

  • This quiz has been taken 20 times
    (12 since last reset)
  • The average score is 118 of 211

Answer Stats

HintAnswer% Correct
New JerseyAtlantic
90%
MassachusettsEssex
90%
Delaware | Maryland | Rhode IslandKent
90%
FloridaMonroe
90%
Massachusetts | VirginiaNorfolk
90%
New JerseyOcean
90%
New YorkQueens
90%
New YorkRichmond
90%
Massachusetts | New YorkSuffolk
90%
Maine | Rhode IslandWashington
90%
MarylandBaltimore
80%
New YorkBronx
80%
New JerseyCape May
80%
Maine | New JerseyCumberland
80%
New JerseyHudson
80%
Florida | Louisiana | Texas | WashingtonJefferson
80%
WashingtonKing
80%
New YorkKings
80%
Maine | OregonLincoln
80%
CaliforniaLos Angeles
80%
Connecticut | VirginiaMiddlesex
80%
New JerseyMonmouth
80%
MassachusettsNantucket
80%
Florida | New YorkNassau
80%
DelawareNew Castle
80%
Rhode IslandNewport
80%
VirginiaNorthampton
80%
CaliforniaOrange
80%
New JerseySalem
80%
CaliforniaSan Diego
80%
CaliforniaSan Francisco
80%
CaliforniaSanta Barbara
80%
DelawareSussex
80%
MassachusettsBarnstable
70%
Massachusetts | Rhode IslandBristol
70%
FloridaBroward
70%
South CarolinaCharleston
70%
CaliforniaContra Costa
70%
MassachusettsDukes
70%
ConnecticutFairfield
70%
VirginiaHampton
70%
FloridaMiami-Dade
70%
AlabamaMobile
70%
ConnecticutNew Haven
70%
ConnecticutNew London
70%
FloridaPalm Beach
70%
New YorkWestchester
70%
VirginiaAccomack
60%
CaliforniaAlameda
60%
AlaskaAnchorage
60%
FloridaBay
60%
North CarolinaBrunswick
60%
MarylandCecil
60%
FloridaCharlotte
60%
CaliforniaDel Norte
60%
FloridaDuval
60%
FloridaEscambia
60%
FloridaFranklin
60%
TexasGalveston
60%
VirginiaGloucester
60%
FloridaGulf
60%
MarylandHarford
60%
MississippiHarrison
60%
HawaiiHawaii
60%
FloridaHillsborough
60%
HawaiiHonolulu
60%
CaliforniaHumboldt
60%
WashingtonIsland
60%
MississippiJackson
60%
AlaskaJuneau
60%
HawaiiKauai
60%
FloridaLee
60%
FloridaManatee
60%
CaliforniaMarin
60%
HawaiiMaui
60%
CaliforniaMendocino
60%
CaliforniaMonterrey
60%
AlaskaNome
60%
AlaskaNorth Slope
60%
WashingtonPacific
60%
WashingtonPierce
60%
FloridaPinellas
60%
MarylandQueen Anne's
60%
New HampshireRockingham
60%
MaineSagadahoc
60%
LouisianaSaint Mary's
60%
WashingtonSan Juan
60%
CaliforniaSan Luis Obispo
60%
CaliforniaSan Mateo
60%
CaliforniaSanta Clara
60%
CaliforniaSanta Cruz
60%
FloridaSarasota
60%
WashingtonSnohomish
60%
MarylandSomerset
60%
MarylandTalbot
60%
CaliforniaVentura
60%
FloridaVolusia
60%
MaineWaldo
60%
MarylandWorcester
60%
MaineYork
60%
MarylandAnne Arundel
50%
FloridaBrevard
50%
TexasCalhoun
50%
MarylandCalvert
50%
Louisiana | TexasCameron
50%
GeorgiaChatham
50%
FloridaCitrus
50%
WashingtonClallam
50%
FloridaCollier
50%
FloridaFlagler
50%
South CarolinaGeorgetown
50%
Maine | MississippiHancock
50%
FloridaIndian River
50%
WashingtonKitsap
50%
MaineKnox
50%
VirginiaLancaster
50%
FloridaLevy
50%
FloridaMartin
50%
North CarolinaNew Hanover
50%
TexasNueces
50%
FloridaOkaloosa
50%
FloridaPasco
50%
LouisianaPlaquemines
50%
FloridaSanta Rosa
50%
AlaskaSitka
50%
CaliforniaSolano
50%
CaliforniaSonoma
50%
FloridaSt Lucie
50%
MarylandSt Mary's
50%
LouisianaSt. Tammany
50%
FloridaTaylor
50%
OregonTillamook
50%
FloridaWalton
50%
WashingtonWhatcom
50%
MarylandWicomico
50%
AlaskaAleutians East
40%
AlaskaAleutians West
40%
AlabamaBaldwin
40%
South CarolinaBeaufort
40%
AlaskaBethel
40%
TexasBrazoria
40%
GeorgiaCamden
40%
OregonClatsop
40%
OregonCoos
40%
OregonCurry
40%
North CarolinaDare
40%
FloridaDixie
40%
OregonDouglas
40%
WashingtonGrays Harbor
40%
FloridaHernando
40%
South CarolinaHorry
40%
North CarolinaHyde
40%
AlaskaKodiak
40%
OregonLane
40%
GeorgiaLiberty
40%
VirginiaMathews
40%
LouisianaNew Orleans
40%
VirginiaNorthumberland
40%
WashingtonSkagit
40%
FloridaSt. John's
40%
FloridaWakulla
40%
TexasAransas
30%
AlaskaBristol Bay
30%
North CarolinaCarteret
30%
AlaskaChugach
30%
North CarolinaCurrituck
30%
AlaskaDillingham
30%
AlaskaHaines
30%
AlaskaHoonah-Angoon
30%
South CarolinaJasper
30%
AlaskaKenai Peninsula
30%
TexasKenedy
30%
AlaskaKetchikan Gateway
30%
TexasKleberg
30%
AlaskaKusilvak
30%
LouisianaLafourche
30%
AlaskaLake and Peninsula
30%
TexasMatagorda
30%
AlaskaMatanuska-Susitna
30%
GeorgiaMcIntosh
30%
AlaskaNorthwest Arctic
30%
North CarolinaOnslow
30%
North CarolinaPender
30%
AlaskaPetersburg
30%
VirginiaPoquoson
30%
AlaskaPrince of Wales-Hyder
30%
LouisianaTerrebonne
30%
LouisianaVermilion
30%
TexasWillacy
30%
AlaskaWrangell
30%
AlaskaYakutat
30%
TexasChambers
20%
GeorgiaGlynn
20%
LouisianaIberia
20%
HawaiiKalaweo
0%
VirginiaVirginia Beack
0%

Score Distribution

Percentile by Number Answered

Percent of People with Each Score

Your Score History

You have not taken this quiz since the last reset